| 000 | 00000nam##2200000za#4500 |
| 001 | 9.698854 |
| 003 | CaOODSP |
| 005 | 20210625000122 |
| 007 | cr ||||||||||| |
| 008 | 150407|2012||||xxc|||||o f|0| 0 eng|d |
| 040 | |aCaOODSP|beng |
| 043 | |an-cn--- |
| 086 | 1 |aE97-43/4-2012E-PDF |
| 110 | 1 |aCanada.|bInternational Development Research Centre. |
| 245 | 10|aWomen and land : |h[electronic resource]|bin focus case study - Pakistan |
| 246 | 1 |iAdditional title (within publication) : |aOwning land a path out of poverty in Pakistan |
| 260 | |aOttawa - Ontario : |bInternational Development Research Centre |c[2012]. |
| 300 | |a4p.|bgraphs, photographs |
| 590 | |a14-04-Supp|b2014-02-05 |
| 690 | 07|aStatus of women|2gcpds |
| 690 | 07|aProperty|2gcpds |
| 775 | 08|tLes femmes et la terre : |w(CaOODSP)9.642852 |
| 856 | 40|ahttp://publications.gc.ca|qPDF|s232 KB|uhttps://publications.gc.ca/collections/collection_2014/crdi-idrc/E97-43-4-2012-eng.pdf |